OPAC Home

සිංහල දම්පියා අටුවා සාරය-1963 (Record no. 232910)

MARC details
000 -LEADER
fixed length control field 00507nam a22001817a 4500
003 - CONTROL NUMBER IDENTIFIER
control field LK-CoDNM
005 - DATE AND TIME OF LATEST TRANSACTION
control field 20241129151148.0
008 - FIXED-LENGTH DATA ELEMENTS--GENERAL INFORMATION
fixed length control field 241129b |||||||| |||| 00| 0 eng d
040 ## - CATALOGING SOURCE
Original cataloging agency LK-CoDNM
Modifying agency LK-CoDNM
Description conventions LK-CoDNM
041 ## - LANGUAGE CODE
Language code of text/sound track or separate title Sinhala; Sinhalese
080 ## - UNIVERSAL DECIMAL CLASSIFICATION NUMBER
Universal Decimal Classification number 294.38
Item number SIN
942 ## - ADDED ENTRY ELEMENTS (KOHA)
Koha item type Books
245 ## - TITLE STATEMENT
Title සිංහල දම්පියා අටුවා සාරය-1963
260 ## - PUBLICATION, DISTRIBUTION, ETC. (IMPRINT)
Place of publication, distribution, etc. කොළඹ
Name of publisher, distributor, etc. පොත් වෙළද තැන
Date of publication, distribution, etc. 1963
300 ## - PHYSICAL DESCRIPTION
Other physical details 70p. ; 24 cm
650 ## - SUBJECT ADDED ENTRY--TOPICAL TERM
Topical term or geographic name as entry element 1963
650 ## - SUBJECT ADDED ENTRY--TOPICAL TERM
Topical term or geographic name as entry element Buddhism
Holdings
Withdrawn status Lost status Damaged status Not for loan Collection code Permanent Location Current Location Shelving location Date acquired Full call number Barcode Koha item type
    Damaged   Old Books Collection Library National Museum Colombo - Sri Lanka Library National Museum Colombo - Sri Lanka Reference 2024-11-28 294.38 SIN OB9360 Books
Copyright © 2023 Department of National Museum, Colombo 07, Sri Lanka Funded by UNESCO IFAP UNESCO